El Clasico Players - Statistics

General Stats
  • This quiz has been taken 128 times
  • The average score is 5 of 14
Answers on the Grid
Answers color-coded by a green-red scale on the quiz's grid according to % correct below.
Lionel Messi
Eden Hazard
Kylian Mbappe
Andres Iniesta
Rivaldo
Erling Haaland
Francesco Totti
Santi Gimenez
Kai Havertz
Rodrygo
Cristiano Ronaldo
Guillermo Ochoa
Xavi
Chicharito
Christian Pulisic
Roberto Carlos
Karim Benzema
Harry Kane
Thomas Muller
Paul Pogba
Steven Gerrard
Declan Rice
Modric
Di Maria
Bukayo Saka
Jack Grealish
Rakitic
Lewandowski
Raspadori
Vini Jr
 
Answer Stats
Answer % Correct
Lionel Messi
90%
Kylian Mbappe
48%
Andres Iniesta
42%
Rivaldo
35%
Xavi
35%
Karim Benzema
33%
Lewandowski
33%
Di Maria
31%
Roberto Carlos
31%
Vini Jr
31%
Cristiano Ronaldo
29%
Modric
29%
Rakitic
29%
Rodrygo
27%
No matching quizzes found
Score Distribution
Percent of People with Each Score
Percentile by Number Answered
Your Score History
You have not taken this quiz